| 000 | 00894nam a2200229 a 4500 | ||
|---|---|---|---|
| 001 | 39723 | ||
| 003 | BD-RjUL | ||
| 005 | 20211209053039.0 | ||
| 008 | 160417s2010 a|||e |||| 00| 0 d | ||
| 020 |
_a984702020040 : _cTK.97.50 |
||
| 035 | _a(BD-RjUL)39836 | ||
| 040 |
_aBD-RjUL _bben _cBD-RjUL |
||
| 041 | _aben | ||
| 082 |
_223 _bBID 2010 _a537 |
||
| 245 | 0 | 0 |
_aবিদ্যুৎ ও চৌম্বকত্ব = Magnetism and Electricity / _cসম্পাদনায় নুরুল কবির |
| 260 |
_aঢাকা : _bবিজ্ঞান একাডেমী, _c২০১০ |
||
| 300 |
_a৪৪ পৃ. : _bচিত্র ; _c২৪ সেমি |
||
| 650 |
_aবিদ্যুৎ ও চৌম্বকত্ব _9122360 |
||
| 650 |
_aMagnetism and Electricity _9122361 |
||
| 700 |
_aকবির, নুরুল, সম্পাদক _9122352 |
||
| 942 |
_2ddc _cBK |
||
| 999 |
_c39723 _d39723 |
||